Library and Information Science in India: (Record no. 63390)
[ view plain ]
| 000 -LEADER | |
|---|---|
| fixed length control field | 00888nam a22002297a 4500 |
| 005 - DATE AND TIME OF LATEST TRANSACTION | |
| control field | 20080922101333.0 |
| 008 - FIXED-LENGTH DATA ELEMENTS--GENERAL INFORMATION | |
| fixed length control field | 080922t xxu||||| |||| 00| 0 eng d |
| 020 ## - INTERNATIONAL STANDARD BOOK NUMBER | |
| Terms of availability | 325.00 |
| International Standard Book Number | 8170001994 |
| 035 ## - SYSTEM CONTROL NUMBER | |
| System control number | A-904933 |
| 040 ## - CATALOGING SOURCE | |
| Original cataloging agency | Ess Ess Publication |
| Language of cataloging | English |
| 082 ## - DEWEY DECIMAL CLASSIFICATION NUMBER | |
| Classification number | 020.0954 RAM |
| 100 ## - MAIN ENTRY--PERSONAL NAME | |
| Personal name | L.S.Ramaiah |
| 9 (RLIN) | 42903 |
| 245 ## - TITLE STATEMENT | |
| Title | Library and Information Science in India: |
| Remainder of title | Glimpses and Reflections/ |
| 260 ## - PUBLICATION, DISTRIBUTION, ETC. (IMPRINT) | |
| Place of publication, distribution, etc | New Delhi |
| Name of publisher, distributor, etc | Ess Ess Publications |
| Date of publication, distribution, etc | 1996 |
| 270 ## - ADDRESS | |
| City | Connaught Place, New Delhi |
| Postal code | 110001 |
| 300 ## - PHYSICAL DESCRIPTION | |
| Extent | 195p. |
| Dimensions | 22cm |
| 490 ## - SERIES STATEMENT | |
| Series statement | LexisNexis student series |
| -- | 42908 |
| 700 ## - ADDED ENTRY--PERSONAL NAME | |
| Personal name | Nisa Fasil |
| 9 (RLIN) | 42905 |
| 942 ## - ADDED ENTRY ELEMENTS (KOHA) | |
| Source of classification or shelving scheme | Dewey Decimal Classification |
| Item type | English Books |
| Call number suffix | RAM |
| Classification part | 020.0954 |
| Withdrawn status | Lost status | Source of classification or shelving scheme | Damaged status | Not for loan | Collection code | Home library | Current library | Date acquired | Total Checkouts | Full call number | Barcode | Date last seen | Cost, replacement price | Koha item type |
|---|---|---|---|---|---|---|---|---|---|---|---|---|---|---|
| Dewey Decimal Classification | Non-fiction | Sarojini Nagar | Sarojini Nagar | 24/02/2012 | 020.0954 RAM | A-904933 | 24/02/2012 | 325.00 | English Books |
